Độ nguy hiểm động đất vùng Nam Bộ và thành phố Hồ Chí Minh

Gespeichert in:
Bibliographische Detailangaben
1. Verfasser: Nguyễn, Đình Xuyên
Format: Buch
Sprache:Undetermined
Schlagworte:
Online Zugang:http://lrc.tdmu.edu.vn/opac/search/detail.asp?aID=2&ID=25614
Tags: Tag hinzufügen
Keine Tags, Fügen Sie den ersten Tag hinzu!
Thư viện lưu trữ: Trung tâm Học liệu Trường Đại học Thủ Dầu Một
LEADER 00632nam a2200145Ia 4500
001 TDMU_25614
008 210410s9999 xx 000 0 und d
082 |a 551.22 
100 |a Nguyễn, Đình Xuyên 
245 0 |a Độ nguy hiểm động đất vùng Nam Bộ và thành phố Hồ Chí Minh 
245 0 |c Nguyễn Đình Xuyên 
300 |a Tr.193-200 
650 |a Địa lý địa chất; Động đất; Nam bộ; Thành phố Hồ Chí Minh 
856 |u http://lrc.tdmu.edu.vn/opac/search/detail.asp?aID=2&ID=25614 
980 |a Trung tâm Học liệu Trường Đại học Thủ Dầu Một